Empleo de los amplificadores operacionales
Guardado en:
| Autor principal: | |
|---|---|
| Otros Autores: | |
| Formato: | Libro |
| Lenguaje: | Spanish |
| Publicado: |
España :Madrid , Paraninfo
1975
|
| Materias: | |
| Etiquetas: |
Agregar Etiqueta
Sin Etiquetas, Sea el primero en etiquetar este registro!
|
MARC
| LEADER | 00000nam a2200000Ia 4500 | ||
|---|---|---|---|
| 003 | 002802 | ||
| 005 | 20221231143845.0 | ||
| 008 | 140116s1975 sp a 000 ||spa d | ||
| 040 | |c cru CEDI | ||
| 082 | |a 621.381.5 G216e | ||
| 100 | |a García López, W |9 20746 | ||
| 245 | |a Empleo de los amplificadores operacionales | ||
| 260 | |c 1975 |a España :Madrid , Paraninfo | ||
| 300 | |c 139 páginas :ilustraciones | ||
| 650 | |x AMPLIFICADORES OPERACIONALES |x CIRCUITOS INTEGRADOS LINEALES |x FILTROS ELECTRICOS |9 20748 | ||
| 700 | |9 20747 |a Gutiérrez Iglesias, J.L. | ||
| 942 | |2 ddc |c BK | ||
| 999 | |c 13324 |d 13324 | ||
